|
|
|
|
| LEADER |
00000cam a22000004a 4500 |
| 001 |
musev2_40270 |
| 003 |
MdBmJHUP |
| 005 |
20230905044226.0 |
| 006 |
m o d |
| 007 |
cr||||||||nn|n |
| 008 |
161125s2006 xx o 00 0 eng d |
| 020 |
|
|
|a 9780889208377
|
| 020 |
|
|
|z 0889208379
|
| 020 |
|
|
|z 9781554584628
|
| 035 |
|
|
|a (OCoLC)243566483
|
| 040 |
|
|
|a MdBmJHUP
|c MdBmJHUP
|
| 100 |
1 |
|
|a Denton III, Edgar.
|
| 245 |
1 |
0 |
|a Limits of Loyalty
|
| 264 |
|
1 |
|a Waterloo, CANADA :
|b Wilfrid Laurier University Press,
|c 2006.
|
| 264 |
|
3 |
|a Baltimore, Md. :
|b Project MUSE,
|c 2016
|
| 264 |
|
4 |
|c ©2006.
|
| 300 |
|
|
|a 1 online resource (140 pages).
|
| 336 |
|
|
|a text
|b txt
|2 rdacontent
|
| 337 |
|
|
|a computer
|b c
|2 rdamedia
|
| 338 |
|
|
|a online resource
|b cr
|2 rdacarrier
|
| 588 |
|
|
|a Description based on print version record.
|
| 650 |
|
7 |
|a Military ethics.
|2 fast
|0 (OCoLC)fst01021166
|
| 650 |
|
7 |
|a Allegiance.
|2 fast
|0 (OCoLC)fst00805505
|
| 650 |
|
7 |
|a TECHNOLOGY & ENGINEERING
|x Military Science.
|2 bisacsh
|
| 650 |
|
7 |
|a HISTORY
|x Military
|x Other.
|2 bisacsh
|
| 650 |
|
6 |
|a Allegeance
|v Congres.
|
| 650 |
|
6 |
|a Morale militaire
|v Congres.
|
| 650 |
|
0 |
|a Allegiance
|v Congresses.
|
| 650 |
|
0 |
|a Military ethics
|v Congresses.
|
| 655 |
|
7 |
|a Conference papers and proceedings.
|2 fast
|0 (OCoLC)fst01423772
|
| 655 |
|
7 |
|a Electronic books.
|2 local
|
| 710 |
2 |
|
|a Project Muse.
|e distributor
|
| 830 |
|
0 |
|a Book collections on Project MUSE.
|
| 856 |
4 |
0 |
|z Texto completo
|u https://projectmuse.uam.elogim.com/book/40270/
|
| 945 |
|
|
|a Project MUSE - Custom Collection
|
| 945 |
|
|
|a Project MUSE - Archive Complete Supplement IV
|
| 945 |
|
|
|a Project MUSE - Archive History Supplement IV
|